| 000 | 01140nam a22002055i 4500 | ||
|---|---|---|---|
| 001 | 176696 | ||
| 003 | ES-MaACL | ||
| 005 | 20250824045115.0 | ||
| 008 | 110202s1999 sp |||| | spa d | ||
| 020 | _a84-87914-41-1 | ||
| 080 | _a725.822(460.27 Alcalá de Henares)"16/18"(091) | ||
| 100 | 1 |
_aRayón, José Antonio. _9144989 |
|
| 245 | 1 | 0 |
_aMemoria histórica de lo ocurrido en el teatro de la ciudad de Alcalá de Henares propio de la cofradía de Santa María La Mayor desde 1601 en que se proyectó su primera construcción, hasta 1832 en que se reedificó por la corporación, y en su representación / _cJosé Antonio Rayón. |
| 260 |
_a[Alcalá de Henares] : _bConcejalía de Cultura, Relaciones Institucionales, Universidad y Patrimonio Histórico Artístico, _cD. L. 1999. |
||
| 300 |
_aXXXV, 249 p. : _bil. bl. y n. ; _c22 cm. |
||
| 500 | _aReprod. facs. del libro manuscrito con nº de registro 3.435 de la colección histórica de la Biblioteca Municipal de Alcalá de Henares "Cardenal Cisneros" | ||
| 610 | 2 | 7 |
_aTeatro Cervantes (Alcalá de Henares) _2 _9144990 |
| 852 |
_aES-MaACL _jE-14167 |
||
| 999 |
_c176696 _d176696 |
||